000 00212nam a22000977a 4500
999 _c16169
_d16169
003 OSt
008 200612b ||||| |||| 00| 0 eng d
100 _akahlil gibran
_94588
245 _aThe Broken Wings
942 _cBK